Porphyreon : Hellenistic and Roman pottery production in the Sidon Hinterland /

محفوظ في:

المؤلف الرئيسي: Wicenciak, Urszula (مؤلف)

التنسيق: كتاب

اللغة: English

منشور في: Warszawa : Polish Centre for Mediterranean Archaeology, University of Warsaw, 2016.

سلاسل: PAM Monograph series ; 7.

الموضوعات:

الوسوم: إضافة وسم

لا توجد وسوم, كن أول من يضع وسما على هذه التسجيلة!

رقم الطلب: DS89 .S5 W53 2016

LEADER 00980namaa2200277 4500
003 OSt
005 20260212142201.0
008 130303s2016 pl a b 000 0 eng d
010 |a 2017287547 
020 |a 9788394228842 
040 |c ARCE Library 
043 |a a-le--- 
050 4 |a DS89 .S5 W53 2016 
100 1 |a Wicenciak, Urszula,  |e author  |9 42149 
245 1 0 |a Porphyreon :   |b Hellenistic and Roman pottery production in the Sidon Hinterland /  |c Urszula Wicenciak. 
264 1 |a Warszawa :  |b Polish Centre for Mediterranean Archaeology, University of Warsaw,  |c 2016. 
300 |a 320 pages :  |b illustrations (some color) ;  |c 30 cm. 
490 1 |a PAM Monograph series ;  |v 7. 
504 |a Includes bibliographical references. 
650 0 |a Pottery, Roman  |z Lebanon  |z Sidon. 
650 0 |a Excavations (Archaeology)  |z Lebanon  |z Sidon. 
651 0 |a Sidon (Lebanon)  |x Antiquities.  |9 17144 
830 0 |a PAM Monograph series ;  |v 7. 
901 |a reviewed 
942 |c BK  |2 lcc 
999 |c 8794  |d 8794